[Event "Bangkok Cha Am op 19th"]
[Site "Bangkok"]
[Date "2019.04.06"]
[Round "1"]
[White "Nattavutthisit, Kavin"]
[Black "Villamayor, Buenaventura"]
[Result "1/2-1/2"]
[WhiteElo "1776"]
[BlackElo "2398"]
[PlyCount "85"]
[EventDate "2019.04.06"]
[EventType "swiss"]
[EventRounds "9"]
[EventCountry "THA"]
[SourceTitle "CBM 189 Extra"]
[Source "ChessBase"]
[SourceDate "2019.06.03"]
[SourceVersion "1"]
[SourceVersionDate "2019.06.03"]
[SourceQuality "1"]

1. d4 e6 2. Nf3 c5 3. c3 Nf6 4. g3 d5 5. Bg2 Nc6 6. 0-0 Bd6 7. Nbd2 0-0 8. Re1 b5 9. e4 dxe4 10. Nxe4 Nxe4 11. Rxe4 Bb7 12. dxc5 Bxc5 13. Re1 Qb6 14. Be3 Rfd8 15. Qe2 Ne7 16. Bxc5 Qxc5 17. Ne5 Bxg2 18. Kxg2 f6 19. Nd3 Qd5+ 20. Kg1 e5 21. Nb4 Qc5 22. Rad1 a5 23. Nc2 b4 24. cxb4 axb4 25. Rxd8+ Rxd8 26. Ne3 Nc6 27. Qg4 Nd4 28. Nf5 Nxf5 29. Qxf5 Rd2 30. b3 h6 31. h4 Rxa2 32. Rd1 Rd2 33. Rxd2 Qc1+ 34. Kg2 Qxd2 35. Qc8+ Kf7 36. Qb7+ Kf8 37. Qc8+ Ke7 38. Qb7+ Kd6 39. Qb6+ Ke7 40. Qb7+ Kf8 41. Qc8+ Kf7 42. Qb7+ Kg8 43. Qc8+ 1/2-1/2